000 01010nas a2200337 4500
001 BR2010005940
003 BR-BrBNA
005 20231205114808.0
007 ta
008 230509b bl.|||p| |||| 00| 00por d
040 _aBR-BrBNA
_bpor
_cBiblioteca Nacional de Agricultura
041 _a(Pt)
072 _aF04; F01
100 1 _aOliveira, F.L. de
100 1 _aGuerra, J.G.M.
100 1 _aAlmeida, D.L. de
100 1 _aRibeiro, R. de L.D.
100 1 _aSilva, E.E. da
100 1 _aSilva, V.V.
100 1 _aEspindola, J.A.
245 1 _aDesempenho de taro em função de doses de cama de aviário, sob sistema orgânico de produção
650 _aTARO
650 _aINHAME
650 _aPLANTIO DIRETO
650 _aPRODUTIVIDADE
650 _aAGRICULTURA ORGÂNICA
650 _aADUBAÇÃO
773 0 _tHorticultura Brasileira (Brazil)
_xISSN 0102-0536
_g(Apr-Jun 2008), v. 26(2) p. 149-153
_wBR2010005940
909 _a202311
_bLúcia
_c55
_dLúcia Elande
942 _2AGRIS
_n0
_cANA
999 _c210538
_d210538